[Event "Lipperland op 13th"]
[Site "Doerentrup"]
[Date "2014.06.05"]
[Round "6"]
[White "Joege, Friedhelm"]
[Black "Kumeth, Hartmut"]
[Result "1-0"]
[WhiteElo "2135"]
[BlackElo "1801"]
[PlyCount "93"]
[EventDate "2014.05.30"]
[EventType "swiss"]
[EventRounds "9"]
[EventCountry "GER"]
[SourceTitle "EXT 2019"]
[Source "ChessBase"]
[SourceDate "2018.10.10"]
[SourceVersion "1"]
[SourceVersionDate "2018.10.10"]
[SourceQuality "1"]

1. d4 c6 2. c4 Nf6 3. Nc3 d5 4. Nf3 Bf5 5. Qb3 Qb6 6. Qxb6 axb6 7. cxd5 Nxd5 8. Nxd5 cxd5 9. e3 Bd7 10. Ne5 Bc6 11. Bd2 f6 12. Nxc6 bxc6 13. a3 e6 14. Rc1 Bd6 15. Be2 Ke7 16. 0-0 Rc8 17. Rc2 Ra7 18. Rfc1 Rac7 19. Bd3 f5 20. f3 c5 21. dxc5 bxc5 22. Ba5 Rb7 23. Bc3 g6 24. f4 c4 25. Be2 Rb3 26. Kf2 Nd7 27. Bd4 Bc5 28. Rc3 Rcb8 29. Rxb3 Rxb3 30. Bc3 Nb8 31. Bd1 Rb7 32. g4 fxg4 33. Bxg4 Nd7 34. Bf3 Ba7 35. Bb4+ Bc5 36. Rxc4 Bxb4 37. Rxb4 Rxb4 38. axb4 Nb6 39. b3 Kf6 40. e4 g5 41. fxg5+ Kxg5 42. exd5 exd5 43. Ke3 Kf5 44. Kd4 Ke6 45. Kc5 Nd7+ 46. Kb5 d4 47. Bg4+ 1-0

[Event "Lipperland op 13th"]
[Site "Doerentrup"]
[Date "2014.06.05"]
[Round "5"]
[White "Kumeth, Hartmut"]
[Black "Schroeter, Hans Christoph"]
[Result "1-0"]
[WhiteElo "1801"]
[BlackElo "2074"]
[PlyCount "79"]
[EventDate "2014.05.30"]
[EventType "swiss"]
[EventRounds "9"]
[EventCountry "GER"]
[SourceTitle "EXT 2019"]
[Source "ChessBase"]
[SourceDate "2018.10.10"]
[SourceVersion "1"]
[SourceVersionDate "2018.10.10"]
[SourceQuality "1"]

1. a3 c5 2. e4 Nc6 3. Nc3 Nf6 4. Bb5 Nd4 5. d3 Nxb5 6. Nxb5 d6 7. Ne2 g6 8. h3 Bg7 9. Nbc3 0-0 10. Be3 b5 11. Qc1 Qa5 12. 0-0 b4 13. axb4 Qxb4 14. Ra4 Qb7 15. b3 Bd7 16. Ra5 Bc6 17. f3 Nd7 18. Qa3 Nb6 19. Ra1 Nc8 20. Rb1 Rb8 21. Na2 Qc7 22. c4 Rb7 23. Nec3 Qb8 24. Ra6 Qc7 25. b4 cxb4 26. Rxb4 Rd8 27. Rxb7 Bxb7 28. Nb5 Qd7 29. Ra5 a6 30. Nbc3 Qc7 31. Ra4 Nb6 32. Rb4 Nd7 33. Na4 Bc6 34. N4c3 Nc5 35. Nd5 Bxd5 36. exd5 Rb8 37. d4 Nd7 38. Qb3 Rxb4 39. Nxb4 Qb6 40. c5 1-0

[Event "Merano Gold Cup 41st"]
[Site "Merano"]
[Date "2013.04.??"]
[Round "6"]
[White "Segelken, Peter"]
[Black "Kumeth, Hartmut"]
[Result "1/2-1/2"]
[WhiteElo "1791"]
[BlackElo "1793"]
[PlyCount "38"]
[EventDate "2013.04.19"]
[EventType "swiss"]
[EventRounds "9"]
[EventCountry "ITA"]
[SourceTitle "EXT 2015"]
[Source "ChessBase"]
[SourceDate "2014.11.20"]
[SourceVersion "1"]
[SourceVersionDate "2014.11.20"]
[SourceQuality "1"]

1. e4 e6 2. Nf3 b6 3. Nc3 Bb7 4. d3 Be7 5. Be3 d6 6. Be2 Nf6 7. h3 Nbd7 8. Nh2 c5 9. 0-0 a6 10. f4 Qc7 11. a4 c4 12. Bf3 Nc5 13. e5 dxe5 14. Bxb7 Nxb7 15. fxe5 Qxe5 16. Qf3 0-0 17. Rae1 Qc7 18. dxc4 Nd6 19. b3 Nf5 1/2-1/2

[Event "Merano Gold Cup 40th"]
[Site "Merano"]
[Date "2012.04.??"]
[Round "6"]
[White "Kumeth, Hartmut"]
[Black "Mahrla, Hans"]
[Result "0-1"]
[WhiteElo "1815"]
[BlackElo "1830"]
[PlyCount "60"]
[EventDate "2012.04.13"]
[EventType "swiss"]
[EventRounds "9"]
[EventCountry "ITA"]
[SourceTitle "EXT 2015"]
[Source "ChessBase"]
[SourceDate "2014.11.20"]
[SourceVersion "1"]
[SourceVersionDate "2014.11.20"]
[SourceQuality "1"]

1. Nf3 Nf6 2. d4 d5 3. e3 e6 4. c4 c6 5. Nc3 Bd6 6. Be2 Nbd7 7. h3 0-0 8. cxd5 exd5 9. Qc2 Re8 10. a3 Qc7 11. b4 Nf8 12. Bd3 Qe7 13. 0-0 Ng6 14. Bb2 Ne4 15. b5 Bd7 16. Qe2 f5 17. bxc6 bxc6 18. Rfc1 f4 19. Bxe4 dxe4 20. Nd2 f3 21. Qc4+ Be6 22. Qxc6 Bxh3 23. Ncxe4 Bxg2 24. Qxd6 Qh4 25. Ng3 Qh3 26. Qd5+ Kh8 27. Qh5 Nh4 28. d5 Rg8 29. Rc7 Bf1 30. Be5 Qg2# 0-1

[Event "Merano Gold Cup 39th"]
[Site "Merano"]
[Date "2011.05.08"]
[Round "9"]
[White "Kumeth, Hartmut"]
[Black "Bauer, Dieter"]
[Result "1-0"]
[WhiteElo "1825"]
[BlackElo "1816"]
[PlyCount "67"]
[EventDate "2011.04.30"]
[EventType "swiss"]
[EventRounds "9"]
[EventCountry "ITA"]
[SourceTitle "EXT 2015"]
[Source "ChessBase"]
[SourceDate "2014.11.20"]
[SourceVersion "1"]
[SourceVersionDate "2014.11.20"]
[SourceQuality "1"]

1. a3 c5 2. e4 e6 3. Nf3 d6 4. b4 b6 5. Bb2 Bb7 6. Bb5+ Nd7 7. d3 a6 8. Bxd7+ Qxd7 9. Nbd2 Nf6 10. Nc4 Qc7 11. e5 dxe5 12. Bxe5 Qd8 13. Rb1 cxb4 14. axb4 Be7 15. Ne3 0-0 16. 0-0 Rc8 17. c4 Nd7 18. Bg3 f5 19. Nd4 Rf6 20. f4 Rg6 21. Nf3 Qf8 22. Qe2 Bxb4 23. d4 Be7 24. Qa2 Kh8 25. d5 Bc5 26. Bf2 Nf6 27. Ne5 Ne4 28. Nxg6+ hxg6 29. Rb3 Nxf2 30. Rxf2 exd5 31. Kf1 dxc4 32. Nxc4 Bxf2 33. Rh3+ Kg8 34. Ne5+ 1-0

[Event "Merano Gold Cup 39th"]
[Site "Merano"]
[Date "2011.04.30"]
[Round "1"]
[White "Graf, Joachim"]
[Black "Kumeth, Hartmut"]
[Result "1-0"]
[WhiteElo "2103"]
[BlackElo "1825"]
[PlyCount "85"]
[EventDate "2011.04.30"]
[EventType "swiss"]
[EventRounds "9"]
[EventCountry "ITA"]
[SourceTitle "EXT 2015"]
[Source "ChessBase"]
[SourceDate "2014.11.20"]
[SourceVersion "1"]
[SourceVersionDate "2014.11.20"]
[SourceQuality "1"]

1. d4 Nf6 2. Nf3 d5 3. c4 e6 4. e3 Be7 5. Nbd2 0-0 6. Bd3 dxc4 7. Nxc4 c5 8. 0-0 Nc6 9. dxc5 Bxc5 10. a3 b5 11. Nce5 Nxe5 12. Nxe5 Qb6 13. Qe2 a6 14. b4 Be7 15. Bb2 Rd8 16. Bd4 Rxd4 17. exd4 Qxd4 18. Qf3 Qd5 19. Rac1 Qxf3 20. Nxf3 Bb7 21. Rc7 Bxf3 22. Rxe7 Kf8 23. Rc7 Bd5 24. Rfc1 Ne8 25. Rc8 Ra7 26. f3 f5 27. Kf2 Ke7 28. Ke3 g5 29. g3 h5 30. h4 gxh4 31. gxh4 Rd7 32. Be2 Bb7 33. Rb8 Nf6 34. Rh8 Kd6 35. Rd1+ Nd5+ 36. Kf2 Ke5 37. Rxh5 Rc7 38. Rh8 Rc2 39. Rd8 Rc3 40. Rd3 Rc2 41. h5 f4 42. h6 Nf6 43. Rd2 1-0

[Event "Doerentrup Schachwoche"]
[Site "Doerentrup"]
[Date "2006.06.16"]
[Round "7"]
[White "Meyer, Gerd"]
[Black "Kumeth, Hartmut"]
[Result "1-0"]
[WhiteElo "2057"]
[BlackElo "1600"]
[PlyCount "45"]
[EventDate "2006.06.10"]
[EventType "tourn"]
[EventRounds "7"]
[EventCountry "GER"]
[SourceTitle "EXT 2022"]
[Source "ChessBase"]
[SourceDate "2021.10.06"]
[SourceVersion "1"]
[SourceVersionDate "2021.10.06"]
[SourceQuality "1"]

1. d4 c5 2. d5 Nf6 3. c4 Ne4 4. f3 Qa5+ 5. Bd2 Nxd2 6. Qxd2 Qxd2+ 7. Nxd2 g6 8. e3 Bg7 9. Rb1 d6 10. Bd3 Nd7 11. h3 0-0 12. Ne2 e5 13. Ne4 f5 14. Nxd6 Rf6 15. Nxc8 Rxc8 16. e4 fxe4 17. Bxe4 Rb6 18. b3 Nf6 19. Nc3 Nxe4 20. Nxe4 Bh6 21. Kf2 Ra6 22. a4 Bf8 23. Rhe1 1-0

[Event "Traum Seniors op 12th"]
[Site "Oberstdorf"]
[Date "2005.07.14"]
[Round "7"]
[White "Luebbers, Doris"]
[Black "Kumeth, Hartmut"]
[Result "1/2-1/2"]
[WhiteElo "1347"]
[BlackElo "1600"]
[PlyCount "69"]
[EventDate "2005.07.08"]
[EventType "swiss"]
[EventRounds "9"]
[EventCountry "GER"]
[SourceTitle "EXT 2007"]
[Source "ChessBase"]
[SourceDate "2006.11.23"]
[SourceVersion "1"]
[SourceVersionDate "2006.11.23"]
[SourceQuality "1"]

1. d4 Nf6 2. Nf3 d5 3. e3 e6 4. Bd3 c5 5. b3 cxd4 6. exd4 Nc6 7. c3 Bd6 8. 0-0 Qc7 9. Re1 Bd7 10. Bb2 h6 11. Nbd2 g5 12. c4 0-0-0 13. cxd5 exd5 14. Rc1 Kb8 15. Ne5 Be6 16. Nxc6+ bxc6 17. Nf3 Rc8 18. Ne5 Qb6 19. a3 Rhe8 20. b4 Re7 21. Re2 Rec7 22. Rec2 Bxe5 23. dxe5 Nd7 24. Qe2 Kb7 25. h3 Rd8 26. Qh5 Rh8 27. Qf3 h5 28. Bf5 Rh6 29. g4 h4 30. Kg2 Qb5 31. Bxe6 fxe6 32. Bd4 Rh7 33. Qe3 Rg7 34. Qe2 Qxe2 35. Rxe2 1/2-1/2

[Event "Traum op 11th"]
[Site "Oberjoch/Allgaeu"]
[Date "2004.??.??"]
[Round "7"]
[White "Thonig, Manfred"]
[Black "Kumeth, Hartmut"]
[Result "1-0"]
[WhiteElo "1527"]
[BlackElo "1655"]
[PlyCount "55"]
[EventDate "2004.07.16"]
[EventType "swiss"]
[EventRounds "9"]
[EventCountry "GER"]
[SourceTitle "EXT 2006"]
[Source "ChessBase"]
[SourceDate "2005.11.24"]
[SourceVersion "1"]
[SourceVersionDate "2005.11.24"]
[SourceQuality "1"]

1. f4 Nf6 2. Nf3 d6 3. e3 Nc6 4. d4 e6 5. Bb5 Bd7 6. Nc3 a6 7. Bd3 d5 8. a3 Bd6 9. 0-0 Qe7 10. Ne5 0-0-0 11. b4 Rdg8 12. Qe2 Bxe5 13. dxe5 Ne4 14. Nxe4 dxe4 15. Bxe4 f5 16. exf6 gxf6 17. Bb2 h5 18. b5 Nb8 19. bxa6 Nxa6 20. Bd4 Rh6 21. Bxb7+ Kd8 22. Qxa6 Qg7 23. Bc5 Ke8 24. Rad1 Rg6 25. Rf2 h4 26. Rxd7 Kxd7 27. Bc6+ Kd8 28. Qa8# 1-0

[Event "Traum op 11th"]
[Site "Oberjoch/Allgaeu"]
[Date "2004.??.??"]
[Round "5"]
[White "Wulf, Adalbert"]
[Black "Kumeth, Hartmut"]
[Result "1-0"]
[WhiteElo "1838"]
[BlackElo "1655"]
[PlyCount "81"]
[EventDate "2004.07.16"]
[EventType "swiss"]
[EventRounds "9"]
[EventCountry "GER"]
[SourceTitle "EXT 2006"]
[Source "ChessBase"]
[SourceDate "2005.11.24"]
[SourceVersion "1"]
[SourceVersionDate "2005.11.24"]
[SourceQuality "1"]

1. Nf3 d5 2. d4 Nf6 3. c4 e6 4. Nc3 Be7 5. e3 c6 6. Bd3 dxc4 7. Bxc4 Nd5 8. 0-0 Nd7 9. Ne4 f5 10. Ng3 N7f6 11. a3 Bd6 12. Ne5 g6 13. Qe2 Qc7 14. f4 a6 15. Bd2 b5 16. Ba2 Qb6 17. b4 Bxe5 18. fxe5 Nd7 19. Rad1 Bb7 20. Kh1 Nf8 21. e4 Ne7 22. Bg5 h6 23. Bf6 Rh7 24. Bxe7 Rxe7 25. exf5 0-0-0 26. fxe6 Qc7 27. Rf6 Kb8 28. Ne4 Bc8 29. Nc5 Ka7 30. h4 h5 31. Qe4 Rde8 32. Rc1 Kb6 33. Rc2 Bxe6 34. Bxe6 Nxe6 35. Rxg6 Nxc5 36. Rxc5 Re6 37. Rg3 Rc8 38. Rd3 Kb7 39. d5 Rxe5 40. dxc6+ Kb6 41. Rxe5 1-0

[Event "Nord West Cup 3rd"]
[Site "Oldenburg"]
[Date "2001.02.03"]
[Round "5"]
[White "Kumeth, Hartmut"]
[Black "Schneider, Andreas"]
[Result "0-1"]
[WhiteElo "1676"]
[BlackElo "1880"]
[PlyCount "64"]
[EventDate "2001.02.01"]
[EventType "swiss"]
[EventRounds "7"]
[EventCountry "GER"]
[SourceTitle "EXT 2010"]
[Source "ChessBase"]
[SourceDate "2010.11.25"]
[SourceVersion "1"]
[SourceVersionDate "2010.11.25"]
[SourceQuality "1"]

1. d4 d5 2. Nf3 c6 3. e3 e6 4. c4 f5 5. cxd5 exd5 6. Be2 Nf6 7. 0-0 Bd6 8. Ne5 0-0 9. b3 Nbd7 10. Nxd7 Bxd7 11. Ba3 Bxa3 12. Nxa3 Ne4 13. Bf3 Qg5 14. Rc1 Rf6 15. Qe2 Raf8 16. Nb1 Rh6 17. g3 f4 18. Bxe4 dxe4 19. exf4 Rxf4 20. Rc5 Qg6 21. Nd2 Rfh4 22. f4 Rxh2 23. Qxh2 Rxh2 24. Kxh2 Qe6 25. Rc3 e3 26. Nc4 Qh3+ 27. Kg1 Qxg3+ 28. Kh1 e2 29. Rxg3 exf1Q+ 30. Kh2 Qf2+ 31. Rg2 Qxf4+ 32. Kg1 Be6 0-1

[Event "Merano Gold Cup 29th"]
[Site "Merano"]
[Date "2001.??.??"]
[Round "8"]
[White "Bendisch, Juergen"]
[Black "Kumeth, Hartmut"]
[Result "1/2-1/2"]
[WhiteElo "1833"]
[BlackElo "1665"]
[PlyCount "72"]
[EventDate "2001.05.??"]
[EventType "swiss"]
[EventRounds "9"]
[EventCountry "ITA"]
[SourceTitle "EXT 2005"]
[Source "ChessBase"]
[SourceDate "2004.11.15"]
[SourceVersion "1"]
[SourceVersionDate "2004.11.15"]
[SourceQuality "1"]

1. d4 Nf6 2. c4 e6 3. Nc3 d5 4. Bg5 Be7 5. e3 0-0 6. Nf3 Re8 7. Be2 c6 8. 0-0 dxc4 9. Bxc4 Nd5 10. Bxe7 Qxe7 11. a3 Nd7 12. Rc1 Nxc3 13. Rxc3 Nb6 14. Be2 Nd5 15. Rc2 f6 16. Bc4 Nb6 17. Ba2 Rd8 18. Qe2 Bd7 19. Rd1 Be8 20. Nd2 Bg6 21. Rcc1 Rd7 22. Bb1 Bxb1 23. Nxb1 Rad8 24. Nc3 e5 25. dxe5 Rxd1+ 26. Rxd1 Rxd1+ 27. Qxd1 Qxe5 28. Qd3 Qe7 29. h3 g6 30. f3 Qd7 31. Qxd7 Nxd7 32. Kf2 Kf7 33. e4 Ke6 34. f4 h5 35. g4 hxg4 36. hxg4 a5 1/2-1/2

[Event "Oberjoch op"]
[Site "Oberjoch"]
[Date "2001.??.??"]
[Round "1"]
[White "Kumeth, Hartmut"]
[Black "Haase, Wolfgang"]
[Result "0-1"]
[WhiteElo "1665"]
[BlackElo "2053"]
[PlyCount "80"]
[EventDate "2001.??.??"]
[EventType "swiss"]
[EventRounds "8"]
[EventCountry "GER"]
[SourceTitle "EXT 2003"]
[Source "ChessBase"]
[SourceDate "2002.11.25"]
[SourceVersion "1"]
[SourceVersionDate "2002.11.25"]
[SourceQuality "1"]

1. d4 g6 2. c4 f5 3. Nc3 Nf6 4. Nf3 Bg7 5. Bg5 Ne4 6. e3 Nxg5 7. Nxg5 e5 8. Nf3 e4 9. Nd2 d6 10. Qb3 c6 11. 0-0-0 Nd7 12. Be2 Qb6 13. f3 Qxb3 14. axb3 exf3 15. Bxf3 0-0 16. e4 Bxd4 17. exf5 gxf5 18. Ne2 Be3 19. Kc2 Ne5 20. Nf1 Bc5 21. Kc3 a5 22. Nf4 Bd7 23. Bh5 Be8 24. Ng3 Bxh5 25. Ngxh5 Ng4 26. Ne6 Bb4+ 27. Kc2 Rfe8 28. Nhf4 Ne3+ 29. Kd3 Nxd1 30. Rxd1 Re7 31. Rf1 Rae8 32. Ng5 Re1 33. Rf3 Bc5 34. Nh5 R8e3+ 35. Rxe3 Rxe3+ 36. Kd2 Rxb3 37. Kc2 Re3 38. Nf4 Re7 39. Nf3 Re4 40. g3 Rxc4+ 0-1

[Event "Oberjoch op"]
[Site "Oberjoch"]
[Date "2001.??.??"]
[Round "4"]
[White "Kumeth, Hartmut"]
[Black "Scholz, Herbert"]
[Result "1/2-1/2"]
[WhiteElo "1665"]
[BlackElo "1738"]
[PlyCount "49"]
[EventDate "2001.??.??"]
[EventType "swiss"]
[EventRounds "8"]
[EventCountry "GER"]
[SourceTitle "EXT 2003"]
[Source "ChessBase"]
[SourceDate "2002.11.25"]
[SourceVersion "1"]
[SourceVersionDate "2002.11.25"]
[SourceQuality "1"]

1. d4 Nf6 2. Nf3 b6 3. g3 Ba6 4. Bg2 c6 5. 0-0 e6 6. Re1 d5 7. Nbd2 Be7 8. e4 0-0 9. e5 Nfd7 10. Bf1 c5 11. c3 Bxf1 12. Nxf1 Nc6 13. Be3 a5 14. a3 a4 15. Qe2 Na5 16. N1d2 c4 17. h4 b5 18. Bg5 Nc6 19. Kg2 Re8 20. Bxe7 Qxe7 21. Ng5 Nf8 22. f4 f6 23. exf6 Qxf6 24. Ndf3 Ra6 25. Ne5 1/2-1/2

[Event "Oberjoch op"]
[Site "Oberjoch"]
[Date "2001.??.??"]
[Round "8"]
[White "Kumeth, Hartmut"]
[Black "Siegmund, Rainer"]
[Result "0-1"]
[WhiteElo "1665"]
[BlackElo "2130"]
[PlyCount "162"]
[EventDate "2001.??.??"]
[EventType "swiss"]
[EventRounds "8"]
[EventCountry "GER"]
[SourceTitle "EXT 2003"]
[Source "ChessBase"]
[SourceDate "2002.11.25"]
[SourceVersion "1"]
[SourceVersionDate "2002.11.25"]
[SourceQuality "1"]

1. b3 e5 2. Bb2 Nc6 3. e3 Nf6 4. g3 Be7 5. Bg2 0-0 6. Ne2 d6 7. 0-0 Bf5 8. d3 Qd7 9. e4 Bh3 10. Nd2 Bxg2 11. Kxg2 d5 12. f3 Rad8 13. Nc3 a6 14. Nxd5 Nxd5 15. exd5 Qxd5 16. Qe2 Bc5 17. Ne4 Bd4 18. c3 Ba7 19. Rad1 Rfe8 20. Qc2 h6 21. a3 Qe6 22. Bc1 Ne7 23. Rde1 Qd5 24. Rd1 f5 25. Nf2 Qc6 26. Rfe1 Nd5 27. c4 Bd4 28. Bd2 Rd7 29. Re2 Nf6 30. Be3 Qd6 31. Bxd4 Qxd4 32. Rde1 Rde7 33. b4 c5 34. h3 Re6 35. b5 Nh5 36. Qb3 Rg6 37. g4 Nf4+ 38. Kf1 Nxe2 39. Rxe2 Rf8 40. Qb2 fxg4 41. Qxd4 exd4 42. fxg4 Rgf6 43. Kg2 Rf3 44. a4 Re3 45. Rd2 Rfe8 46. Ne4 R8xe4 47. dxe4 Rxe4 48. bxa6 bxa6 49. Rb2 d3 50. Rb8+ Kf7 51. Rd8 Rxc4 52. Rxd3 Rxa4 53. Rd5 c4 54. Rd6 c3 55. Rc6 Ra2+ 56. Kf3 c2 57. Ke3 a5 58. Kd2 a4 59. Kc1 Ra3 60. Kxc2 Rxh3 61. Kb2 Rg3 62. Rc4 a3+ 63. Ka2 Kf6 64. Rd4 Kg5 65. Rb4 Rxg4 66. Rb5+ Kh4 67. Kxa3 g5 68. Rb6 h5 69. Kb2 Rc4 70. Re6 g4 71. Rg6 Kg3 72. Rg5 h4 73. Rd5 h3 74. Rd3+ Kf4 75. Kb3 Re4 76. Rd7 h2 77. Rh7 g3 78. Rh4+ Kf3 79. Rh3 Kg2 80. Rh7 h1Q 81. Rxh1 Kxh1 0-1

[Event "Merano Gold Cup 29th"]
[Site "Merano"]
[Date "2001.??.??"]
[Round "3"]
[White "Kumeth, Hartmut"]
[Black "Zehrfeldt, Martin"]
[Result "1-0"]
[WhiteElo "1665"]
[BlackElo "1944"]
[PlyCount "105"]
[EventDate "2001.05.??"]
[EventType "swiss"]
[EventRounds "9"]
[EventCountry "ITA"]
[SourceTitle "EXT 2005"]
[Source "ChessBase"]
[SourceDate "2004.11.15"]
[SourceVersion "1"]
[SourceVersionDate "2004.11.15"]
[SourceQuality "1"]

1. d4 d5 2. Nf3 Nf6 3. g3 g6 4. Bg2 Bg7 5. 0-0 0-0 6. Re1 c6 7. Nc3 Bf5 8. Nh4 Bd7 9. e4 dxe4 10. Nxe4 Nxe4 11. Rxe4 Be6 12. c3 Bd5 13. Re1 Bxg2 14. Nxg2 e6 15. Bf4 Nd7 16. Qc2 Nf6 17. Bg5 h6 18. Bxf6 Qxf6 19. Re2 h5 20. Rae1 Rfd8 21. Nf4 h4 22. h3 Rd6 23. Ng2 hxg3 24. fxg3 Bh6 25. Rf1 Qe7 26. Ref2 Rf8 27. Rf6 Bg5 28. R6f3 Rd5 29. h4 Bh6 30. Qe2 c5 31. Nf4 Bxf4 32. Rxf4 cxd4 33. cxd4 Kg7 34. a3 Qd6 35. Qf2 Rf5 36. Rxf5 exf5 37. Rd1 Re8 38. Rd2 Re4 39. d5 Rg4 40. Rd3 b6 41. Kg2 f4 42. Qd4+ Qf6 43. Qf2 Qe5 44. Qd2 fxg3 45. Qc3 Qxc3 46. bxc3 Rxh4 47. Kxg3 Rh8 48. a4 Rd8 49. c4 Rd6 50. a5 f5 51. axb6 Kf6 52. bxa7 Ra6 53. d6 1-0

[Event "Merano Gold Cup 29th"]
[Site "Merano"]
[Date "2001.??.??"]
[Round "6"]
[White "Straub, Hermann"]
[Black "Kumeth, Hartmut"]
[Result "1-0"]
[WhiteElo "1785"]
[BlackElo "1665"]
[PlyCount "109"]
[EventDate "2001.05.??"]
[EventType "swiss"]
[EventRounds "9"]
[EventCountry "ITA"]
[SourceTitle "EXT 2005"]
[Source "ChessBase"]
[SourceDate "2004.11.15"]
[SourceVersion "1"]
[SourceVersionDate "2004.11.15"]
[SourceQuality "1"]

1. f4 Nf6 2. Nf3 d5 3. b3 Bg4 4. e3 e6 5. Bb2 Be7 6. Be2 c6 7. 0-0 Nbd7 8. Qe1 Qb6 9. Nc3 Nc5 10. Ne5 Bxe2 11. Nxe2 Nce4 12. Rf3 h5 13. f5 Bd6 14. fxe6 fxe6 15. Nf4 Bxe5 16. Bxe5 Kd7 17. h3 g5 18. Bxf6 gxf4 19. Bxh8 fxe3 20. Qxe3 Qxe3+ 21. Rxe3 Rxh8 22. d3 Nc3 23. a4 a6 24. Rae1 Rh6 25. Rg3 b5 26. Rg7+ Kd6 27. a5 e5 28. Ra7 e4 29. Rxa6 exd3 30. cxd3 Kc5 31. Ra8 b4 32. a6 Kd4 33. Rb8 Nb5 34. Ra1 Kxd3 35. Rxb5 cxb5 36. a7 Rh8 37. a8Q Rxa8 38. Rxa8 d4 39. g4 hxg4 40. hxg4 Kc2 41. g5 d3 42. g6 d2 43. Rd8 d1Q+ 44. Rxd1 Kxd1 45. g7 Kc2 46. g8Q Kb2 47. Kf2 Ka2 48. Ke2 Kb2 49. Kd2 Kb1 50. Qf8 Kb2 51. Qxb4 Kb1 52. Kc3 Kc1 53. Qd4 Kb1 54. Qf2 Ka1 55. Qb2# 1-0

[Event "Merano Gold Cup 29th"]
[Site "Merano"]
[Date "2001.??.??"]
[Round "2"]
[White "Wagner, Klaus Dieter"]
[Black "Kumeth, Hartmut"]
[Result "0-1"]
[WhiteElo "1383"]
[BlackElo "1665"]
[PlyCount "104"]
[EventDate "2001.05.??"]
[EventType "swiss"]
[EventRounds "9"]
[EventCountry "ITA"]
[SourceTitle "EXT 2005"]
[Source "ChessBase"]
[SourceDate "2004.11.15"]
[SourceVersion "1"]
[SourceVersionDate "2004.11.15"]
[SourceQuality "1"]

1. e4 e5 2. Nf3 d6 3. Nc3 Nf6 4. Be2 Be7 5. d3 Nc6 6. 0-0 0-0 7. Bg5 Be6 8. d4 exd4 9. Nxd4 Nxd4 10. Qxd4 Nd7 11. Bxe7 Qxe7 12. Rad1 a6 13. Rfe1 Qf6 14. Qxf6 Nxf6 15. Bf3 Rab8 16. e5 dxe5 17. Rxe5 c6 18. h3 Rfd8 19. Ree1 Kf8 20. b3 Ke7 21. g4 h6 22. Kg2 Rbc8 23. Ne2 Rxd1 24. Rxd1 Bd5 25. Nd4 g6 26. c4 Bxf3+ 27. Kxf3 c5 28. Nc2 Rc6 29. Ne3 Rd6 30. Rxd6 Kxd6 31. h4 Ke5 32. g5 hxg5 33. hxg5 Ne4 34. Ng4+ Kd4 35. Kf4 b5 36. f3 bxc4 37. bxc4 Nd6 38. Ne5 a5 39. Nc6+ Kxc4 40. Nxa5+ Kb4 41. Nc6+ Kb5 42. Ne5 c4 43. Ke3 Kb4 44. Kd2 Nf5 45. Kc1 Nd4 46. Kd1 c3 47. Nd3+ Ka3 48. Ke1 Nxf3+ 49. Kf2 Nxg5 50. Ke3 Kxa2 51. Ne1 Kb3 52. Kd3 Ne6 0-1

[Event "Nord West Cup"]
[Site "Oldenburg"]
[Date "2000.02.13"]
[Round "7"]
[White "Kumeth, Hartmut"]
[Black "Lammers, Markus"]
[Result "1/2-1/2"]
[WhiteElo "1739"]
[BlackElo "1265"]
[PlyCount "119"]
[EventDate "2000.??.??"]
[EventType "swiss"]
[EventRounds "7"]
[EventCountry "GER"]
[SourceTitle "EXT 2002"]
[Source "ChessBase"]
[SourceDate "2001.11.25"]
[SourceVersion "1"]
[SourceVersionDate "2001.11.25"]
[SourceQuality "1"]

1. d4 d5 2. Nf3 g6 3. c4 c6 4. cxd5 cxd5 5. Nc3 Bg7 6. e3 a6 7. Be2 Nf6 8. 0-0 0-0 9. Qb3 Nc6 10. Bd2 e6 11. Rac1 Re8 12. Rfd1 Re7 13. Na4 Rc7 14. Bb4 Nxb4 15. Qxb4 Bf8 16. Qb6 Bd6 17. Ne5 Ne8 18. Nd3 Bd7 19. Nac5 Rb8 20. Rc3 Qe7 21. Rdc1 Bb5 22. Nb3 Rbc8 23. Rxc7 Bxc7 24. Qa7 b6 25. g3 Nd6 26. Nf4 Bd8 27. Qxe7 Rxc1+ 28. Nxc1 Bxe7 29. Bxb5 Nxb5 30. Nfd3 f6 31. f4 Kf7 32. Kf2 h5 33. Ne2 a5 34. Nc3 Nxc3 35. bxc3 Ba3 36. Kf3 Ke7 37. g4 hxg4+ 38. Kxg4 Kf7 39. Kf3 b5 40. e4 dxe4+ 41. Kxe4 Bd6 42. h3 Kg7 43. d5 exd5+ 44. Kxd5 Be7 45. Kc6 b4 46. cxb4 axb4 47. Kb5 Bd6 48. Kc6 Bb8 49. Kc5 Kh6 50. Kxb4 Kh5 51. Kc4 Kh4 52. a4 Kxh3 53. a5 g5 54. fxg5 fxg5 55. Kd5 Ba7 56. Ke4 g4 57. a6 g3 58. Ne1 Kg4 59. Ng2 Bf2 60. Nf4 1/2-1/2

[Event "Nord West Cup"]
[Site "Oldenburg"]
[Date "2000.02.11"]
[Round "3"]
[White "Kumeth, Hartmut"]
[Black "Campe, Uwe"]
[Result "0-1"]
[WhiteElo "1739"]
[BlackElo "1684"]
[PlyCount "56"]
[EventDate "2000.??.??"]
[EventType "swiss"]
[EventRounds "7"]
[EventCountry "GER"]
[SourceTitle "EXT 2002"]
[Source "ChessBase"]
[SourceDate "2001.11.25"]
[SourceVersion "1"]
[SourceVersionDate "2001.11.25"]
[SourceQuality "1"]

1. d4 d5 2. Nf3 Nf6 3. e3 e6 4. c4 c6 5. Nc3 Nbd7 6. cxd5 exd5 7. Bd3 Be7 8. 0-0 0-0 9. e4 dxe4 10. Bxe4 Nxe4 11. Nxe4 Nf6 12. Ng3 Bg4 13. Be3 Qd5 14. Re1 Bb4 15. Bd2 Bxf3 16. gxf3 Qxd4 17. Bxb4 Qxb4 18. Re2 Rad8 19. Qc2 Rfe8 20. Rae1 Qxe1+ 21. Rxe1 Rxe1+ 22. Kg2 Nd5 23. Qc4 b5 24. Qh4 Rde8 25. Ne4 h6 26. Qg4 Re6 27. Qf5 Re2 28. h4 Ne3+ 0-1